FUNDAMENTAL OF AGRONOMY (Record no. 5177)

MARC details
000 -LEADER
fixed length control field 00388nam a22001697a 4500
005 - DATE AND TIME OF LATEST TRANSACTION
control field 20160903160957.0
008 - FIXED-LENGTH DATA ELEMENTS--GENERAL INFORMATION
fixed length control field 160903b xxu||||| |||| 00| 0 eng d
020 ## - INTERNATIONAL STANDARD BOOK NUMBER
ISBN 81-204-0416-5
041 ## - LANGUAGE CODE
Language code of text/sound track or separate title eng
082 ## - DEWEY DECIMAL CLASSIFICATION NUMBER
Item number 20954
100 ## - MAIN ENTRY--AUTHOR NAME
Personal name DE,GOPAL CHANDRA
245 ## - TITLE STATEMENT
Title FUNDAMENTAL OF AGRONOMY
260 ## - PUBLICATION, DISTRIBUTION, ETC. (IMPRINT)
Name of publisher OXFORD
Year of publication 2013
300 ## - PHYSICAL DESCRIPTION
Number of Pages 411
650 ## - SUBJECT ADDED ENTRY--TOPICAL TERM
Topical Term AGRICULTURE
942 ## - ADDED ENTRY ELEMENTS (KOHA)
Koha item type Books
Holdings
Lost status Damaged status Collection code Home library Current library Shelving location Date acquired Source of acquisition Cost, normal purchase price Full call number Accession Number Koha item type
    Reference JRU Library JRU Library SHELF-2-B 03/09/2016 Purchase 265.00 630 20954 Books
    AGRICULTURE JRU Library JRU Library SHELF-45-A 03/09/2016 Purchase 265.00 630 20955 Books
    AGRICULTURE JRU Library JRU Library SHELF-45-A 03/09/2016 Purchase 265.00 630 20956 Books
    AGRICULTURE JRU Library JRU Library SHELF-45-A 03/09/2016 Purchase 265.00 630 20957 Books
    AGRICULTURE JRU Library JRU Library SHELF-45-A 03/09/2016 Purchase 265.00 630 20958 Books
    AGRICULTURE JRU Library JRU Library SHELF-16-C 09/09/2017 Purchase 350.00 630 21853 Books
Lost and Paid For   AGRICULTURE JRU Library JRU Library   09/09/2017 Purchase 350.00 630 21854 Books
    AGRICULTURE JRU Library JRU Library SHELF-16-C 09/09/2017 Purchase 350.00 630 21855 Books
    AGRICULTURE JRU Library JRU Library SHELF-16-C 09/09/2017 Purchase 350.00 630 21856 Books
    AGRICULTURE JRU Library JRU Library SHELF-45-A 09/09/2017 Purchase 350.00 630 21852 Books